| 000 | 00685nam a2200241Ia 4500 | ||
|---|---|---|---|
| 003 | OSt | ||
| 005 | 20240831101227.0 | ||
| 008 | 210331s9999||||xx |||||||||||||| ||und|| | ||
| 040 | _cSTCPL | ||
| 041 | _aMAL | ||
| 041 | _hMAL | ||
| 082 |
_aM07 _bBAB-R |
||
| 100 |
_aBabusenan, V _qവി ബാബുസേനൻ |
||
| 245 | 0 |
_aRusselinte soukhyasangalppam / _cby V Babusenan _hറസ്സലിന്റെ സൗഖ്യസങ്കല്പ്പം |
|
| 260 |
_aThiruvananthapuram : _bChintha Publications , _c2012 . |
||
| 300 |
_a88 P. _bPB |
||
| 650 | _aMalayalam | ||
| 650 | _aLiterature | ||
| 650 | _aStudy | ||
| 650 | _aGeneral | ||
| 942 | _cBK | ||
| 942 | _2ddc | ||
| 999 |
_c70090 _d70090 |
||